000 00341nam a2200157Ia 4500
008 230312s9999||||xx |||||||||||||| ||und||
020 _a0-07-146500-6
082 _a658.403
_bPAV
100 _aHarry Paul
245 0 _aRevved !
260 _bMcGraw Hill
_aUSA
_c2006
300 _a115
546 _aEng.
650 _aManagement
942 _cBK
999 _c671
_d671